000 01371cam a22003857a 4500
001 000003476
003 CHAP
005 20230608062645.0
008 971013s1990 r 00010 d
010 _a3427
011 _a4399
035 _a3602
040 _cCHAP
082 _a330.9
_bR55
100 1 0 _aSchwentesius Rindermann, Rita
_9103302
245 1 0 _aHistoria económica del mundo contemporáneo en cifras y gráficas. /
_cpor Rita Rindermann.
260 _aChapingo, Méx. :
_bUACH. Departamento de Sociología Rural,
_c1990.
300 _a133 p. :
_bilus.
590 _aBATCH-UPD
_b10
_c20130110
_lUCH01
_h1024
590 _aBATCH-UPD
_b10
_c20130410
_lUCH01
_h0628
590 _aBATCH-UPD
_b10
_c20130914
_lUCH01
_h1148
590 _aCONVERSION
_b10
_c20130109
_lUCH01
_h1303
590 _aE5995AHE
_b05
_c20150219
_lUCH01
_h0847
590 _aE5995AHE
_b05
_c20150219
_lUCH01
_h1100
590 _aE5995AHE
_b05
_c20150219
_lUCH01
_h1101
650 1 4 _aDesarrollo económico.
650 1 4 _aHistoria económica.
_955624
710 0 _aHumboldt Universitat. Berlin.
_956867
901 _aBK
942 _cLIBRO
942 _n0
949 _a330.9 R55
_bBC
_cLIBRO
_d33724000317806
_eLIBRO
_fc.2
_h81577
_i3602
_mD
_si
949 _a330.9 R55
_bBC
_cLIBRO
_d33724000317814
_eLIBRO
_h81576
_i3602
_mD
_si
949 _a330.9 R55
_bBC
_cUACH
_d33724000317822
_eUACH
_fc.3
_h81578
_i3602
_mD
_si
999 _c3427
_d3427